[Event "Torneo Benidorm Gran Hotel Bali 2022"]
[Site "Benidorm, Spain"]
[Date "2022.12.06"]
[Round "5.10"]
[White "Shaik, Sumer Arsh"]
[Black "Lacrosse, Marc"]
[Result "1/2-1/2"]
[WhiteElo "2290"]
[BlackElo "2043"]
[PlyCount "101"]
[EventDate "2022.12.03"]
[EventType "swiss"]
[EventRounds "9"]
[SourceTitle "Ajedrez en Madrid"]
[Source "lmi"]
[SourceDate "2022.12.03"]
[SourceVersion "1"]
[SourceVersionDate "2022.12.10"]
[SourceQuality "1"]
[TimeControl "90+30"]
[WhiteClock "0:00:38"]
[BlackClock "0:00:50"]

1. d4 {[%emt 0:00:00]} d5 {[%emt 0:00:00]} 2. c4 {[%emt 0:00:00]} e6 {[%emt 0:00:00]} 3. Nc3 {[%emt 0:00:00]} Nf6 {[%emt 0:00:00]} 4. cxd5 {[%emt 0:00:00]} exd5 {[%emt 0:00:00]} 5. Bg5 {[%emt 0:00:00]} c6 {[%emt 0:00:00]} 6. e3 {[%emt 0:00:00]} Nbd7 {[%emt 0:00:00]} 7. Bd3 {[%emt 0:00:00]} Be7 {[%emt 0:00:00]} 8. Nge2 {[%emt 0:00:00]} O-O {[%emt 0:00:00]} 9. Qc2 {[%emt 0:00:00]} Re8 {[%emt 0:00:00]} 10. O-O {[%emt 0:00:00]} Nf8 {[%emt 0:00:00]} 11. f3 {[%emt 0:00:00]} Ng6 {[%emt 0:00:00]} 12. Rad1 {[%emt 0:00:00]} Be6 {[%emt 0:00:00]} 13. h3 {[%emt 0:00:00]} Rc8 {[%emt 0:00:00]} 14. Kh1 {[%emt 0:00:00]} Qc7 {[%emt 0:00:00]} 15. f4 {[%emt 0:00:00]} Bd7 {[%emt 0:00:00]} 16. f5 {[%emt 0:00:00]} Nf8 {[%emt 0:00:00]} 17. g4 {[%emt 0:00:00]} h6 {[%emt 0:00:00]} 18. Bf4 {[%emt 0:00:00]} Bd6 {[%emt 0:00:00]} 19. Ng1 {[%emt 0:00:00]} Bxf4 {[%emt 0:00:00]} 20. exf4 {[%emt 0:00:00]} c5 {[%emt 0:00:00]} 21. Qf2 {[%emt 0:00:00]} Ne4 {[%emt 0:00:00]} 22. Bxe4 {[%emt 0:00:51]} dxe4 {[%emt 0:00:00]} 23. d5 {[%emt 0:01:05]} e3 {[%emt 0:00:00]} 24. Qf3 {[%emt 0:02:20]} b5 {[%emt 0:00:00]} 25. Rfe1 {[%emt 0:00:38]} b4 {[%emt 0:04:06]} 26. Ne4 {[%emt 0:00:24]} Qa5 {[%emt 0:01:35]} 27. Nd6 {[%emt 0:05:33]} Qxa2 {[%emt 0:00:26]} 28. Nxe8 {[%emt 0:00:09]} Rxe8 {[%emt 0:01:02]} 29. Rxe3 {[%emt 0:00:23]} Qxb2 {[%emt 0:01:15]} 30. Rxe8 {[%emt 0:00:41]} Bxe8 {[%emt 0:00:07]} 31. Qe3 {[%emt 0:03:22]} Ba4 {[%emt 0:01:15]} 32. Rd2 {[%emt 0:00:53]} Qc1 {[%emt 0:00:33]} 33. Kh2 {[%emt 0:00:55]} c4 {[%emt 0:02:37]} 34. Ne2 {[%emt 0:00:03]} Qe1 {[%emt 0:00:40]} 35. g5 {[%emt 0:00:54]} hxg5 {[%emt 0:01:47]} 36. fxg5 {[%emt 0:00:04]} c3 {[%emt 0:00:19]} 37. Rd3 {[%emt 0:00:16]} c2 {[%emt 0:01:18]} 38. g6 {[%emt 0:00:50]} fxg6 {[%emt 0:01:44]} 39. fxg6 {[%emt 0:00:19]} Nxg6 {[%emt 0:00:51]} 40. Qe6+ {[%emt 0:00:59]} Kh7 {[%emt 0:00:12]} 41. Rg3 {[%emt 0:00:48]} Qxe2+ {[%emt 0:01:32]} 42. Qxe2 {[%emt 0:00:01]} c1=Q {[%emt 0:00:23]} 43. Qh5+ {[%emt 0:00:02]} Qh6 {[%emt 0:00:15]} 44. Qf5 {[%emt 0:01:11]} b3 {[%emt 0:00:44]} 45. d6 {[%emt 0:00:48]} b2 {[%emt 0:00:34]} 46. h4 {[%emt 0:00:22]} Bd7 {[%emt 0:00:32]} 47. Qe4 {[%emt 0:00:35]} Bc6 {[%emt 0:00:40]} 48. Qc2 {[%emt 0:00:25]} Bd7 {[%emt 0:00:23]} 49. Kg2 {[%emt 0:00:26]} Qh5 {[%emt 0:00:34]} 50. Rg5 {[%emt 0:00:37]} Qh6 {[%emt 0:00:16]} 51. Rg3 {[%emt 0:00:28]} 1/2-1/2

[Event "Torneo Benidorm Gran Hotel Bali 2022"]
[Site "Benidorm, Spain"]
[Date "2022.12.06"]
[Round "5.11"]
[White "Raghav, Srivathsav V"]
[Black "Bendayan Claros, Aaron"]
[Result "1-0"]
[WhiteElo "2059"]
[BlackElo "2232"]
[PlyCount "55"]
[EventDate "2022.12.03"]
[EventType "swiss"]
[EventRounds "9"]
[SourceTitle "Ajedrez en Madrid"]
[Source "lmi"]
[SourceDate "2022.12.03"]
[SourceVersion "1"]
[SourceVersionDate "2022.12.10"]
[SourceQuality "1"]
[TimeControl "90+30"]
[WhiteClock "0:55:55"]
[BlackClock "0:08:52"]

1. b3 {[%emt 0:00:00]} d5 {[%emt 0:00:00]} 2. Bb2 {[%emt 0:00:00]} Nf6 {[%emt 0:00:00]} 3. g3 {[%emt 0:00:00]} e6 {[%emt 0:00:00]} 4. Bg2 {[%emt 0:00:00]} Be7 {[%emt 0:00:00]} 5. e3 {[%emt 0:00:00]} O-O {[%emt 0:00:00]} 6. Ne2 {[%emt 0:00:11]} b6 {[%emt 0:00:00]} 7. O-O {[%emt 0:00:00]} Bb7 {[%emt 0:00:00]} 8. f4 {[%emt 0:00:00]} Nbd7 {[%emt 0:00:00]} 9. h3 {[%emt 0:00:00]} c5 {[%emt 0:00:00]} 10. d3 {[%emt 0:00:00]} Qc7 {[%emt 0:00:00]} 11. Nd2 {[%emt 0:00:00]} e5 {[%emt 0:00:00]} 12. g4 {[%emt 0:00:00]} exf4 {[%emt 0:00:00]} 13. Nxf4 {[%emt 0:00:00]} h6 {[%emt 0:00:00]} 14. h4 {[%emt 0:00:00]} Nh7 {[%emt 0:00:00]} 15. Qe1 {[%emt 0:00:00]} d4 {[%emt 0:00:00]} 16. Bxb7 {[%emt 0:00:00]} Qxb7 {[%emt 0:00:00]} 17. exd4 {[%emt 0:00:00]} Bf6 {[%emt 0:00:00]} 18. Ne4 {[%emt 0:00:00]} Bxd4+ {[%emt 0:00:00]} 19. Bxd4 {[%emt 0:00:00]} cxd4 {[%emt 0:00:00]} 20. Qf2 {[%emt 0:00:00]} Ne5 {[%emt 0:00:00]} 21. Qxd4 {[%emt 0:00:00]} Nxg4 {[%emt 0:00:00]} 22. Nh5 {[%emt 0:00:00]} f5 {[%emt 0:00:00]} 23. Nd6 {[%emt 0:00:00]} Qc7 {[%emt 0:00:00]} 24. Qd5+ {[%emt 0:00:00]} Kh8 {[%emt 0:00:00]} 25. Nf4 {[%emt 0:00:00]} Nhf6 {[%emt 0:00:00]} 26. Ng6+ {[%emt 0:00:00]} Kh7 {[%emt 0:00:00]} 27. Qxf5 {[%emt 0:00:00]} Rfd8 {[%emt 0:06:08]} 28. Ne7+ {[%emt 0:00:00]} 1-0

[Event "Torneo Benidorm Gran Hotel Bali 2022"]
[Site "Benidorm, Spain"]
[Date "2022.12.06"]
[Round "5.12"]
[White "Kovacevic, Slobodan"]
[Black "Oroz Carrasco, Adrian"]
[Result "1-0"]
[WhiteElo "2224"]
[BlackElo "2011"]
[PlyCount "131"]
[EventDate "2022.12.03"]
[EventType "swiss"]
[EventRounds "9"]
[SourceTitle "Ajedrez en Madrid"]
[Source "lmi"]
[SourceDate "2022.12.03"]
[SourceVersion "1"]
[SourceVersionDate "2022.12.10"]
[SourceQuality "1"]
[TimeControl "90+30"]
[WhiteClock "0:03:28"]
[BlackClock "0:37:10"]

1. d4 {[%emt 0:00:00]} Nf6 {[%emt 0:00:00]} 2. Nf3 {[%emt 0:00:00]} b6 {[%emt 0:00:00]} 3. Bf4 {[%emt 0:00:00]} e6 {[%emt 0:00:00]} 4. Nbd2 {[%emt 0:00:00]} Bb7 {[%emt 0:00:00]} 5. e3 {[%emt 0:00:00]} Be7 {[%emt 0:00:00]} 6. h3 {[%emt 0:00:00]} Ne4 {[%emt 0:00:00]} 7. Nxe4 {[%emt 0:00:00]} Bxe4 {[%emt 0:00:00]} 8. Be2 {[%emt 0:00:00]} O-O {[%emt 0:00:00]} 9. O-O {[%emt 0:00:00]} d6 {[%emt 0:00:00]} 10. a4 {[%emt 0:00:00]} Nd7 {[%emt 0:00:00]} 11. b4 {[%emt 0:00:00]} e5 {[%emt 0:00:00]} 12. Bh2 {[%emt 0:00:00]} exd4 {[%emt 0:00:00]} 13. exd4 {[%emt 0:00:00]} d5 {[%emt 0:00:00]} 14. c3 {[%emt 0:00:00]} Bd6 {[%emt 0:00:00]} 15. Bxd6 {[%emt 0:00:00]} cxd6 {[%emt 0:00:00]} 16. Qb3 {[%emt 0:00:00]} Re8 {[%emt 0:00:00]} 17. Rfe1 {[%emt 0:00:00]} Rc8 {[%emt 0:00:00]} 18. Rac1 {[%emt 0:00:00]} h6 {[%emt 0:00:00]} 19. Qb2 {[%emt 0:00:00]} Qc7 {[%emt 0:00:00]} 20. Nd2 {[%emt 0:00:00]} Bf5 {[%emt 0:00:00]} 21. Nf1 {[%emt 0:00:00]} Nf6 {[%emt 0:00:00]} 22. Ne3 {[%emt 0:00:00]} Be4 {[%emt 0:00:00]} 23. Qa2 {[%emt 0:00:00]} Qb7 {[%emt 0:00:00]} 24. Bd1 {[%emt 0:00:00]} Bf5 {[%emt 0:00:00]} 25. Bf3 {[%emt 0:00:00]} Be4 {[%emt 0:00:00]} 26. Be2 {[%emt 0:00:00]} Re7 {[%emt 0:00:00]} 27. Qd2 {[%emt 0:00:00]} Rec7 {[%emt 0:00:00]} 28. Bd1 {[%emt 0:00:00]} Bg6 {[%emt 0:00:00]} 29. f3 {[%emt 0:00:00]} Nh5 {[%emt 0:00:00]} 30. Nf1 {[%emt 0:00:00]} Qa6 {[%emt 0:00:00]} 31. g4 {[%emt 0:01:18]} Nf6 {[%emt 0:00:00]} 32. Re3 {[%emt 0:00:43]} Kf8 {[%emt 0:00:00]} 33. Bb3 {[%emt 0:00:14]} Re8 {[%emt 0:00:00]} 34. Rxe8+ {[%emt 0:03:41]} Kxe8 {[%emt 0:00:00]} 35. Ne3 {[%emt 0:00:41]} Re7 {[%emt 0:00:00]} 36. Kf2 {[%emt 0:00:39]} Kf8 {[%emt 0:00:00]} 37. Qd1 {[%emt 0:04:29]} Qb7 {[%emt 0:00:00]} 38. Qe2 {[%emt 0:00:48]} Rc7 {[%emt 0:00:00]} 39. Qd2 {[%emt 0:01:19]} Kg8 {[%emt 0:00:00]} 40. Re1 {[%emt 0:00:22]} Qc8 {[%emt 0:00:00]} 41. Nd1 {[%emt 0:00:08]} Kf8 {[%emt 0:00:00]} 42. Kg3 {[%emt 0:00:30]} Kg8 {[%emt 0:00:00]} 43. Re3 {[%emt 0:00:29]} Qa6 {[%emt 0:00:00]} 44. Kg2 {[%emt 0:00:53]} Qc8 {[%emt 0:00:00]} 45. Qe2 {[%emt 0:00:31]} Qb7 {[%emt 0:00:00]} 46. h4 {[%emt 0:01:31]} Rd7 {[%emt 0:00:00]} 47. Qe1 {[%emt 0:01:50]} h5 {[%emt 0:00:00]} 48. g5 {[%emt 0:00:42]} Nh7 {[%emt 0:00:00]} 49. Re8+ {[%emt 0:00:16]} Nf8 {[%emt 0:00:00]} 50. Ne3 {[%emt 0:01:03]} Re7 {[%emt 0:00:00]} 51. Bxd5 {[%emt 0:01:19]} Qd7 {[%emt 0:00:00]} 52. Rxe7 {[%emt 0:00:46]} Qxe7 {[%emt 0:00:00]} 53. Kf2 {[%emt 0:00:34]} Qd7 {[%emt 0:00:00]} 54. Bb3 {[%emt 0:00:53]} Ne6 {[%emt 0:00:00]} 55. Ng2 {[%emt 0:00:24]} Bf5 {[%emt 0:00:00]} 56. Qe2 {[%emt 0:00:39]} Bh3 {[%emt 0:00:00]} 57. d5 {[%emt 0:01:02]} Nf8 {[%emt 0:00:00]} 58. Nf4 {[%emt 0:00:01]} Qf5 {[%emt 0:00:00]} 59. Kg3 {[%emt 0:00:14]} Qb1 {[%emt 0:00:00]} 60. Bc2 {[%emt 0:00:33]} Qf1 {[%emt 0:00:00]} 61. Qxf1 {[%emt 0:00:44]} Bxf1 {[%emt 0:00:00]} 62. Nxh5 {[%emt 0:00:04]} Bc4 {[%emt 0:00:00]} 63. Nf4 {[%emt 0:00:13]} Nd7 {[%emt 0:00:00]} 64. h5 {[%emt 0:00:44]} a5 {[%emt 0:00:00]} 65. Kf2 {[%emt 0:00:24]} Nb8 {[%emt 0:00:00]} 66. Bd3 {[%emt 0:00:21]} 1-0

[Event "Torneo Benidorm Gran Hotel Bali 2022"]
[Site "Benidorm, Spain"]
[Date "2022.12.06"]
[Round "5.13"]
[White "Rodriguez Lopez, Rafael"]
[Black "Lung, Liviu-Catalin"]
[Result "1-0"]
[WhiteElo "2189"]
[BlackElo "2011"]
[PlyCount "117"]
[EventDate "2022.12.03"]
[EventType "swiss"]
[EventRounds "9"]
[SourceTitle "Ajedrez en Madrid"]
[Source "lmi"]
[SourceDate "2022.12.03"]
[SourceVersion "1"]
[SourceVersionDate "2022.12.10"]
[SourceQuality "1"]
[TimeControl "90+30"]
[WhiteClock "0:43:34"]
[BlackClock "0:10:42"]

1. e4 {[%emt 0:00:00]} c5 {[%emt 0:00:00]} 2. Nf3 {[%emt 0:00:00]} Nc6 {[%emt 0:00:00]} 3. Bb5 {[%emt 0:00:00]} Nf6 {[%emt 0:00:00]} 4. Nc3 {[%emt 0:00:00]} Nd4 {[%emt 0:00:00]} 5. e5 {[%emt 0:00:00]} Nxb5 {[%emt 0:00:00]} 6. Nxb5 {[%emt 0:00:00]} Nd5 {[%emt 0:00:00]} 7. Ng5 {[%emt 0:00:00]} h6 {[%emt 0:00:00]} 8. Nxf7 {[%emt 0:00:00]} Kxf7 {[%emt 0:00:00]} 9. Qf3+ {[%emt 0:00:00]} Nf6 {[%emt 0:00:00]} 10. exf6 {[%emt 0:00:00]} exf6 {[%emt 0:00:00]} 11. Qd5+ {[%emt 0:00:00]} Kg6 {[%emt 0:00:00]} 12. O-O {[%emt 0:00:00]} d6 {[%emt 0:00:00]} 13. d4 {[%emt 0:00:00]} Bf5 {[%emt 0:00:00]} 14. c4 {[%emt 0:00:00]} Qd7 {[%emt 0:00:00]} 15. Re1 {[%emt 0:00:00]} Qc6 {[%emt 0:00:00]} 16. Bf4 {[%emt 0:00:00]} Qxd5 {[%emt 0:00:00]} 17. cxd5 {[%emt 0:00:00]} a6 {[%emt 0:00:00]} 18. Nxd6 {[%emt 0:00:00]} Bxd6 {[%emt 0:00:00]} 19. Bxd6 {[%emt 0:00:00]} cxd4 {[%emt 0:00:00]} 20. Be7 {[%emt 0:00:00]} Bc2 {[%emt 0:00:00]} 21. Re2 {[%emt 0:00:00]} d3 {[%emt 0:00:00]} 22. Rd2 {[%emt 0:00:00]} Rhe8 {[%emt 0:00:00]} 23. d6 {[%emt 0:00:00]} Kf7 {[%emt 0:00:00]} 24. Re1 {[%emt 0:00:00]} Rad8 {[%emt 0:00:00]} 25. Re3 {[%emt 0:00:00]} Rd7 {[%emt 0:00:00]} 26. Kf1 {[%emt 0:00:00]} Rc8 {[%emt 0:00:00]} 27. Ke1 {[%emt 0:00:00]} Re8 {[%emt 0:00:00]} 28. Kf1 {[%emt 0:00:00]} Rc8 {[%emt 0:00:00]} 29. f4 {[%emt 0:00:00]} Rc4 {[%emt 0:00:00]} 30. g3 {[%emt 0:00:00]} Rb4 {[%emt 0:00:00]} 31. b3 {[%emt 0:00:00]} a5 {[%emt 0:00:00]} 32. Kf2 {[%emt 0:00:00]} a4 {[%emt 0:00:00]} 33. bxa4 {[%emt 0:00:00]} Rxa4 {[%emt 0:00:00]} 34. Kf3 {[%emt 0:00:00]} b5 {[%emt 0:00:00]} 35. g4 {[%emt 0:00:00]} g5 {[%emt 0:00:00]} 36. f5 {[%emt 0:00:00]} Rf4+ {[%emt 0:00:00]} 37. Kg3 {[%emt 0:00:00]} Rd4 {[%emt 0:00:00]} 38. Re6 {[%emt 0:00:00]} Ra4 {[%emt 0:00:00]} 39. Rxf6+ {[%emt 0:00:00]} Kg7 {[%emt 0:00:00]} 40. Rf8 {[%emt 0:00:00]} Rf4 {[%emt 0:00:00]} 41. f6+ {[%emt 0:00:00]} Kg6 {[%emt 0:00:00]} 42. Rb8 {[%emt 0:00:00]} b4 {[%emt 0:00:52]} 43. Rc8 {[%emt 0:00:00]} Kf7 {[%emt 0:00:15]} 44. h4 {[%emt 0:00:00]} Rf1 {[%emt 0:09:10]} 45. hxg5 {[%emt 0:00:00]} hxg5 {[%emt 0:00:31]} 46. Rc5 {[%emt 0:00:00]} Rxf6 {[%emt 0:03:46]} 47. Bxf6 {[%emt 0:00:00]} Kxf6 {[%emt 0:00:05]} 48. Rf5+ {[%emt 0:00:00]} Ke6 {[%emt 0:01:45]} 49. Rxg5 {[%emt 0:00:00]} Rxd6 {[%emt 0:00:19]} 50. Rg6+ {[%emt 0:00:00]} Ke5 {[%emt 0:00:01]} 51. Rxd6 {[%emt 0:00:00]} Kxd6 {[%emt 0:00:06]} 52. Kf4 {[%emt 0:00:00]} Ke6 {[%emt 0:00:26]} 53. Ke3 {[%emt 0:00:00]} b3 {[%emt 0:01:22]} 54. axb3 {[%emt 0:00:00]} Bxb3 {[%emt 0:00:04]} 55. Rxd3 {[%emt 0:00:00]} Ba2 {[%emt 0:00:17]} 56. Kf4 {[%emt 0:00:00]} Kf6 {[%emt 0:00:16]} 57. Rd6+ {[%emt 0:00:00]} Kg7 {[%emt 0:00:06]} 58. Kg5 {[%emt 0:00:00]} Kh8 {[%emt 0:00:27]} 59. Kh6 {[%emt 0:00:00]} 1-0

[Event "Torneo Benidorm Gran Hotel Bali 2022"]
[Site "Benidorm, Spain"]
[Date "2022.12.07"]
[Round "6.1"]
[White "Aguilera Lopez, Alejandro"]
[Black "Md, Imran"]
[Result "0-1"]
[WhiteElo "2184"]
[BlackElo "2279"]
[PlyCount "94"]
[EventDate "2022.12.03"]
[EventType "swiss"]
[EventRounds "9"]
[SourceTitle "Ajedrez en Madrid"]
[Source "lmi"]
[SourceDate "2022.12.03"]
[SourceVersion "1"]
[SourceVersionDate "2022.12.10"]
[SourceQuality "1"]
[TimeControl "90+30"]
[WhiteClock "0:07:24"]
[BlackClock "0:19:43"]

1. Nf3 {[%emt 0:00:00]} Nf6 {[%emt 0:00:00]} 2. c4 {[%emt 0:00:00]} b6 {[%emt 0:00:00]} 3. Nc3 {[%emt 0:00:00]} Bb7 {[%emt 0:00:00]} 4. d4 {[%emt 0:00:00]} e6 {[%emt 0:00:00]} 5. Bg5 {[%emt 0:00:00]} Bxf3 {[%emt 0:00:00]} 6. gxf3 {[%emt 0:00:00]} h6 {[%emt 0:00:00]} 7. Bh4 {[%emt 0:00:00]} Be7 {[%emt 0:00:00]} 8. Bxf6 {[%emt 0:00:00]} Bxf6 {[%emt 0:00:00]} 9. f4 {[%emt 0:00:00]} c5 {[%emt 0:00:00]} 10. d5 {[%emt 0:00:00]} exd5 {[%emt 0:00:00]} 11. Qxd5 {[%emt 0:00:00]} Nc6 {[%emt 0:00:00]} 12. Qe4+ {[%emt 0:00:00]} Qe7 {[%emt 0:00:00]} 13. Qxe7+ {[%emt 0:00:00]} Nxe7 {[%emt 0:00:00]} 14. Nb5 {[%emt 0:00:00]} O-O {[%emt 0:00:00]} 15. O-O-O {[%emt 0:00:00]} a6 {[%emt 0:00:00]} 16. Nd6 {[%emt 0:00:00]} Bh4 {[%emt 0:00:00]} 17. Ne4 {[%emt 0:00:00]} Ra7 {[%emt 0:00:00]} 18. Ng3 {[%emt 0:00:00]} b5 {[%emt 0:00:00]} 19. e3 {[%emt 0:00:00]} Rd8 {[%emt 0:00:00]} 20. cxb5 {[%emt 0:00:00]} axb5 {[%emt 0:00:00]} 21. Bxb5 {[%emt 0:00:00]} Rxa2 {[%emt 0:00:00]} 22. Kb1 {[%emt 0:00:00]} Rda8 {[%emt 0:00:00]} 23. e4 {[%emt 0:00:00]} d5 {[%emt 0:00:00]} 24. e5 {[%emt 0:00:00]} R2a5 {[%emt 0:00:00]} 25. Bd7 {[%emt 0:00:00]} R8a7 {[%emt 0:00:00]} 26. e6 {[%emt 0:00:00]} f5 {[%emt 0:00:00]} 27. Rhe1 {[%emt 0:00:00]} g6 {[%emt 0:00:00]} 28. Kc2 {[%emt 0:00:00]} Bf6 {[%emt 0:00:00]} 29. Ne2 {[%emt 0:00:00]} Rb7 {[%emt 0:00:00]} 30. Rb1 {[%emt 0:00:00]} Rb4 {[%emt 0:00:00]} 31. Red1 {[%emt 0:00:00]} Rc4+ {[%emt 0:00:00]} 32. Kd3 {[%emt 0:00:21]} Rb4 {[%emt 0:00:00]} 33. Kc2 {[%emt 0:00:35]} Rc4+ {[%emt 0:00:00]} 34. Kd3 {[%emt 0:00:03]} g5 {[%emt 0:00:00]} 35. fxg5 {[%emt 0:02:04]} hxg5 {[%emt 0:00:00]} 36. f4 {[%emt 0:00:28]} gxf4 {[%emt 0:00:00]} 37. Rf1 {[%emt 0:00:50]} Ng6 {[%emt 0:00:00]} 38. Rg1 {[%emt 0:01:01]} Kh7 {[%emt 0:00:00]} 39. Rxg6 {[%emt 0:04:08]} Kxg6 {[%emt 0:00:00]} 40. Rf1 {[%emt 0:00:05]} Kh6 {[%emt 0:00:00]} 41. Nxf4 {[%emt 0:01:10]} Re4 {[%emt 0:00:00]} 42. Bc6 {[%emt 0:03:43]} c4+ {[%emt 0:00:00]} 43. Kc2 {[%emt 0:00:16]} Bg5 {[%emt 0:04:47]} 44. Bxd5 {[%emt 0:01:19]} Rxf4 {[%emt 0:00:07]} 45. e7 {[%emt 0:00:42]} Bxe7 {[%emt 0:00:08]} 46. Rxf4 {[%emt 0:00:33]} Rxd5 {[%emt 0:00:04]} 47. Rxc4 {[%emt 0:00:18]} Kg5 {[%emt 0:00:11]} 0-1

[Event "Torneo Benidorm Gran Hotel Bali 2022"]
[Site "Benidorm, Spain"]
[Date "2022.12.07"]
[Round "6.2"]
[White "Valdepenas Octavio, Javier"]
[Black "Korneev, Oleg"]
[Result "1/2-1/2"]
[WhiteElo "2216"]
[BlackElo "2481"]
[PlyCount "105"]
[EventDate "2022.12.03"]
[EventType "swiss"]
[EventRounds "9"]
[SourceTitle "Ajedrez en Madrid"]
[Source "lmi"]
[SourceDate "2022.12.03"]
[SourceVersion "1"]
[SourceVersionDate "2022.12.10"]
[SourceQuality "1"]
[TimeControl "90+30"]
[WhiteClock "0:03:36"]
[BlackClock "0:10:32"]

1. e4 {[%emt 0:00:00]} e5 {[%emt 0:00:00]} 2. Nf3 {[%emt 0:00:00]} Nc6 {[%emt 0:00:00]} 3. Bb5 {[%emt 0:00:00]} a6 {[%emt 0:00:00]} 4. Ba4 {[%emt 0:00:00]} Nf6 {[%emt 0:00:00]} 5. O-O {[%emt 0:00:00]} Bc5 {[%emt 0:00:00]} 6. Nxe5 {[%emt 0:00:00]} Nxe5 {[%emt 0:00:00]} 7. d4 {[%emt 0:00:00]} b5 {[%emt 0:00:00]} 8. Bb3 {[%emt 0:00:00]} Bxd4 {[%emt 0:00:00]} 9. Qxd4 {[%emt 0:00:00]} d6 {[%emt 0:00:00]} 10. c3 {[%emt 0:00:00]} O-O {[%emt 0:00:00]} 11. f3 {[%emt 0:00:00]} c5 {[%emt 0:00:00]} 12. Qd1 {[%emt 0:00:00]} Bb7 {[%emt 0:00:00]} 13. Bg5 {[%emt 0:00:00]} h6 {[%emt 0:00:00]} 14. Bh4 {[%emt 0:00:00]} Ng6 {[%emt 0:00:00]} 15. Bg3 {[%emt 0:00:00]} d5 {[%emt 0:00:00]} 16. e5 {[%emt 0:00:00]} Nh5 {[%emt 0:00:00]} 17. f4 {[%emt 0:00:00]} Nxg3 {[%emt 0:00:00]} 18. hxg3 {[%emt 0:00:00]} f6 {[%emt 0:00:00]} 19. Bc2 {[%emt 0:00:00]} Ne7 {[%emt 0:00:00]} 20. exf6 {[%emt 0:00:23]} Rxf6 {[%emt 0:00:00]} 21. Nd2 {[%emt 0:02:09]} Nf5 {[%emt 0:00:00]} 22. Bxf5 {[%emt 0:01:03]} Rxf5 {[%emt 0:00:00]} 23. Nf3 {[%emt 0:00:54]} d4 {[%emt 0:00:00]} 24. cxd4 {[%emt 0:04:57]} Bxf3 {[%emt 0:00:00]} 25. Rxf3 {[%emt 0:01:51]} Rd5 {[%emt 0:00:00]} 26. Qe2 {[%emt 0:00:46]} Rxd4 {[%emt 0:00:00]} 27. Qe6+ {[%emt 0:00:06]} Kh8 {[%emt 0:00:00]} 28. f5 {[%emt 0:01:36]} Qd6 {[%emt 0:00:00]} 29. Re1 {[%emt 0:00:10]} Rf8 {[%emt 0:00:00]} 30. b3 {[%emt 0:00:38]} c4 {[%emt 0:00:00]} 31. bxc4 {[%emt 0:00:21]} bxc4 {[%emt 0:00:00]} 32. Qxd6 {[%emt 0:00:30]} Rxd6 {[%emt 0:00:00]} 33. Rc1 {[%emt 0:00:45]} Rd4 {[%emt 0:00:44]} 34. Rf4 {[%emt 0:00:48]} Rxf4 {[%emt 0:01:49]} 35. gxf4 {[%emt 0:00:01]} Rc8 {[%emt 0:00:04]} 36. Rc3 {[%emt 0:01:08]} Kg8 {[%emt 0:00:05]} 37. Kf2 {[%emt 0:00:28]} Kf7 {[%emt 0:01:19]} 38. Ke3 {[%emt 0:01:04]} Kf6 {[%emt 0:02:03]} 39. g4 {[%emt 0:00:27]} h5 {[%emt 0:00:05]} 40. gxh5 {[%emt 0:00:03]} Kxf5 {[%emt 0:00:05]} 41. Kd2 {[%emt 0:00:57]} Kxf4 {[%emt 0:00:11]} 42. Ra3 {[%emt 0:00:28]} Rd8+ {[%emt 0:07:38]} 43. Kc2 {[%emt 0:00:16]} Rd5 {[%emt 0:00:08]} 44. Rxa6 {[%emt 0:00:08]} Rxh5 {[%emt 0:00:03]} 45. Rg6 {[%emt 0:00:24]} Rh7 {[%emt 0:00:05]} 46. Kc3 {[%emt 0:00:19]} Kf5 {[%emt 0:00:04]} 47. Rg1 {[%emt 0:00:33]} g5 {[%emt 0:00:04]} 48. Kxc4 {[%emt 0:00:07]} Ra7 {[%emt 0:00:26]} 49. Kb3 {[%emt 0:00:24]} g4 {[%emt 0:00:12]} 50. a4 {[%emt 0:00:04]} Kf4 {[%emt 0:00:06]} 51. Kb4 {[%emt 0:00:04]} Rb7+ {[%emt 0:00:06]} 52. Kc5 {[%emt 0:00:26]} Rc7+ {[%emt 0:01:41]} 53. Kb6 {[%emt 0:00:06]} 1/2-1/2

[Event "Torneo Benidorm Gran Hotel Bali 2022"]
[Site "Benidorm, Spain"]
[Date "2022.12.07"]
[Round "6.3"]
[White "Davtyan, David Arm."]
[Black "Rodriguez Redondo, Adhara"]
[Result "1-0"]
[WhiteElo "2329"]
[BlackElo "2057"]
[PlyCount "85"]
[EventDate "2022.12.03"]
[EventType "swiss"]
[EventRounds "9"]
[SourceTitle "Ajedrez en Madrid"]
[Source "lmi"]
[SourceDate "2022.12.03"]
[SourceVersion "1"]
[SourceVersionDate "2022.12.10"]
[SourceQuality "1"]
[TimeControl "90+30"]
[WhiteClock "0:22:30"]
[BlackClock "0:00:33"]

1. d4 {[%emt 0:00:00]} d5 {[%emt 0:00:00]} 2. c4 {[%emt 0:00:00]} e6 {[%emt 0:00:00]} 3. Nc3 {[%emt 0:00:00]} Be7 {[%emt 0:00:00]} 4. Nf3 {[%emt 0:00:00]} Nf6 {[%emt 0:00:00]} 5. Bf4 {[%emt 0:00:00]} O-O {[%emt 0:00:00]} 6. e3 {[%emt 0:00:00]} b6 {[%emt 0:00:00]} 7. Bd3 {[%emt 0:00:00]} Bb7 {[%emt 0:00:00]} 8. cxd5 {[%emt 0:00:00]} Nxd5 {[%emt 0:00:00]} 9. Nxd5 {[%emt 0:00:00]} Qxd5 {[%emt 0:00:00]} 10. Bxc7 {[%emt 0:00:00]} Qa5+ {[%emt 0:00:00]} 11. Kf1 {[%emt 0:00:00]} Na6 {[%emt 0:00:00]} 12. Bg3 {[%emt 0:00:00]} Nb4 {[%emt 0:00:00]} 13. Bb1 {[%emt 0:00:00]} Rac8 {[%emt 0:00:00]} 14. Kg1 {[%emt 0:00:00]} f5 {[%emt 0:00:00]} 15. h4 {[%emt 0:00:00]} Nd5 {[%emt 0:00:00]} 16. Ng5 {[%emt 0:00:00]} Bxg5 {[%emt 0:00:00]} 17. hxg5 {[%emt 0:00:00]} Qb4 {[%emt 0:00:00]} 18. Qe2 {[%emt 0:00:00]} Rc1+ {[%emt 0:00:00]} 19. Kh2 {[%emt 0:00:00]} Rxh1+ {[%emt 0:00:00]} 20. Kxh1 {[%emt 0:00:00]} Ba6 {[%emt 0:00:00]} 21. a3 {[%emt 0:00:00]} Bxe2 {[%emt 0:00:00]} 22. axb4 {[%emt 0:00:00]} Rc8 {[%emt 0:00:37]} 23. Ba2 {[%emt 0:00:00]} a6 {[%emt 0:00:49]} 24. f3 {[%emt 0:00:00]} Kf7 {[%emt 0:02:25]} 25. e4 {[%emt 0:00:00]} Nxb4 {[%emt 0:01:30]} 26. Bb3 {[%emt 0:00:00]} Bc4 {[%emt 0:02:57]} 27. Ba4 {[%emt 0:00:00]} Bd3 {[%emt 0:01:44]} 28. exf5 {[%emt 0:00:00]} Bxf5 {[%emt 0:00:19]} 29. Bd6 {[%emt 0:00:00]} a5 {[%emt 0:00:50]} 30. Bxb4 {[%emt 0:00:00]} axb4 {[%emt 0:00:01]} 31. Bb3 {[%emt 0:00:00]} Rd8 {[%emt 0:04:11]} 32. Rd1 {[%emt 0:00:00]} Ke7 {[%emt 0:00:20]} 33. g4 {[%emt 0:00:00]} Bg6 {[%emt 0:00:05]} 34. Kg2 {[%emt 0:00:00]} Rd6 {[%emt 0:01:27]} 35. Kf2 {[%emt 0:00:00]} Kd7 {[%emt 0:01:08]} 36. Ke3 {[%emt 0:00:00]} Kc6 {[%emt 0:00:31]} 37. Rc1+ {[%emt 0:00:00]} Kb7 {[%emt 0:00:34]} 38. f4 {[%emt 0:00:00]} Be8 {[%emt 0:00:30]} 39. Ke4 {[%emt 0:00:00]} Bc6+ {[%emt 0:00:30]} 40. Ke5 {[%emt 0:00:00]} Rd8 {[%emt 0:00:29]} 41. Bxe6 {[%emt 0:00:00]} Re8 {[%emt 0:00:32]} 42. d5 {[%emt 0:00:00]} Bd7 {[%emt 0:00:28]} 43. f5 {[%emt 0:00:30]} 1-0